000 00297nam a2200121Ia 4500
008 140130s9999 xx 000 0 und d
245 _cRobin Jarvis
_aWoven Path, The (Wyrd Museum)
260 _bScholastic,
_c1995
440 _v1
521 _aGrade 7 - Grade 12
942 _cBK
999 _c41386
_d41386